000 00458nam a22001817a 4500
005 20230118115525.0
008 200518b xxu||||| |||| 00| 0 eng d
020 _a97893842666097
041 _aeng
082 _a615.85 BAN
100 _aBansal Dr. Rajpal
_95464
245 _aText book of pathphysiology II
250 _a2'nd
260 _aDelhi
_bText book of Pathophysiology
_c2019
300 _a924
650 _aPhamacy
_xD.PHARMA
_97475
942 _cBK
999 _c6251
_d6249